Statistiques concernant Guadeloupe ou Martinique ?

Cliquez ici pour prendre le quiz!

Statistiques générales

  • Ce quiz a été pris 372 fois
  • Le résultat moyen est 6 sur 10

Statistiques - réponses

QuestionRéponse% Correct
Possède la montagne PeléeMartinique
93%
A pour numéro 972Martinique
90%
A la plus grande superficieGuadeloupe
86%
Est située la plus au NordGuadeloupe
83%
Est la plus peupléeGuadeloupe
66%
Marie José Pérec est née en :Guadeloupe
54%
Saint Martin était un arrondissement spécial de :La Guadeloupe
54%
Voit l'arrivée de la route du rhumGuadeloupe
47%
Son conseil régional a fusionné avec son conseil départementalMartinique
23%
A pour chef-lieu Pointe à PitreAucune
9%

Distribution des résultats

Percentile par nombre de réponses

% des personnes avec chaque résultat

Votre développement - résultats

Vous n’avez pas pris ce quiz